Применение метода конечных элементов в решении задачи нестационарной теплопроводности садки туннельной печи; Экотехнологии и ресурсосбережение; № 2

Бібліографічні деталі
Parent link:Экотехнологии и ресурсосбережение: научно-технический журнал/ Национальная академия наук Украины (НАНУ) ; Институт газа Украины.— , 1994-2008.— 0235-3482
№ 2.— 2004.— С. 77-79
Інші автори: Ермаченко Д. М., Курбатов Ю. Л., Волкова О. Г., Шарай С. Я.
Мова:Російська
Опубліковано: 2004
Серія:Приборы и оборудование
Предмети:
Формат: MixedMaterials Частина з книги
KOHA link:https://koha.lib.tpu.ru/cgi-bin/koha/opac-detail.pl?biblionumber=399170

MARC

LEADER 00000naa2a2200000 4500
001 399170
005 20231101065200.0
035 |a (RuTPU)RU\TPU\prd\40207 
090 |a 399170 
100 |a 20051207a2004 k y0rusy50 ca 
101 0 |a rus 
102 |a UA 
200 1 |a Применение метода конечных элементов в решении задачи нестационарной теплопроводности садки туннельной печи  |f Д. М. Ермаченко [и др.] 
225 1 |a Приборы и оборудование 
320 |a Библиогр.: 3 назв. 
461 0 |0 (RuTPU)RU\TPU\prd\1029  |x 0235-3482  |t Экотехнологии и ресурсосбережение  |o научно-технический журнал  |f Национальная академия наук Украины (НАНУ) ; Институт газа Украины  |d 1994-2008 
463 0 |0 (RuTPU)RU\TPU\prd\26239  |t № 2  |v С. 77-79  |d 2004 
610 1 |a метод конечных элементов 
610 1 |a оптимальные размеры 
610 1 |a теннельные печи 
610 1 |a нестационарная теплопроводность 
675 |a 621.783.001.5:669.14  |v 3 
701 1 |a Ермаченко  |b Д. М. 
701 1 |a Курбатов  |b Ю. Л. 
701 1 |a Волкова  |b О. Г. 
701 1 |a Шарай  |b С. Я. 
801 1 |a RU  |b 63413507  |c 20051207  |g PSBO 
801 2 |a RU  |b 63413507  |c 20120413  |g RCR 
942 |c BK